00265nam a2200109Ia 4500008004000000082001700040100002000057245001400077260003900091300000700130650001800137210210b2003 xxu||||| |||| 00| 0 eng d a891.461 KAMP aKAMATH (Pi Ji). aPovallim. aCherumukkubPustak Prakashanc2003 a70 aKonkani Poems